Back to basics (Record no. 77226)
[ view plain ]
| 000 -LEADER | |
|---|---|
| fixed length control field | 00726cab a2200181 4500 |
| 001 - CONTROL NUMBER | |
| control field | ##L133824 |
| 008 - FIXED-LENGTH DATA ELEMENTS--GENERAL INFORMATION | |
| fixed length control field | 060612n2006 000 0 eng u |
| 035 ## - SYSTEM CONTROL NUMBER | |
| System control number | (Sirsi) u133824 |
| 041 0# - LANGUAGE CODE | |
| Language code of text/sound track or separate title | eng |
| 100 1# - MAIN ENTRY--PERSONAL NAME | |
| Personal name | Lawson, David |
| 245 00 - TITLE STATEMENT | |
| Title | Back to basics |
| Remainder of title | planning |
| 260 ## - PUBLICATION, DISTRIBUTION, ETC. | |
| Date of publication, distribution, etc. | 2006 |
| 490 #0 - SERIES STATEMENT | |
| Series statement | Property Week |
| Volume/sequential designation | 71(23) 9 June 2006, 109(1) |
| 520 ## - SUMMARY, ETC. | |
| Summary, etc. | Reports on the return to mixed-use planning after a century of separating work, rest and play. Mixed-use planning is expected to solve many of this century's anticipated problems. Discusses the benefits of mixed-use development and the problems of fitting the different facets together. |
| 590 ## - LOCAL NOTE (RLIN) | |
| Local note | IKA200606 |
| 690 ## - LOCAL SUBJECT ADDED ENTRY--TOPICAL TERM (OCLC, RLIN) | |
| Topical term or geographic name as entry element | Planning and development |
| 9 (RLIN) | 6259 |
| 942 ## - ADDED ENTRY ELEMENTS (KOHA) | |
| Suppress in OPAC | 0 |
| Withdrawn status | Lost status | Source of classification or shelving scheme | Damaged status | Not for loan | Home library | Current library | Shelving location | Date acquired | Total Checkouts | Full call number | Barcode | Date last seen | Copy number | Price effective from | Koha item type |
|---|---|---|---|---|---|---|---|---|---|---|---|---|---|---|---|
| Dewey Decimal Classification | London | London | Journal article | 12/06/2006 | L133824 | 133824-1001 | 06/08/2019 | 1 | 06/08/2019 | Journal article |